[Event "ROM-ch U12"]
[Site "Calimanesti"]
[Date "2018.04.02"]
[Round "8"]
[White "Craiu, Constantin Daniel"]
[Black "Braescu, David Stefan"]
[Result "1-0"]
[WhiteElo "1001"]
[BlackElo "1001"]
[PlyCount "59"]
[EventDate "2018.03.27"]
[EventType "swiss"]
[EventRounds "9"]
[EventCountry "ROU"]
[SourceTitle "CBM 183 Extra"]
[Source "ChessBase"]
[SourceDate "2018.04.19"]
[SourceVersion "1"]
[SourceVersionDate "2018.04.19"]
[SourceQuality "1"]

1. e4 d6 2. Nc3 Nd7 3. Nf3 b6 4. Bc4 Bb7 5. d3 e6 6. Bf4 e5 7. Be3 Ne7 8. Qd2 g6 9. 0-0-0 Bg7 10. d4 0-0 11. Rhe1 Nf6 12. Qd3 a6 13. Ng5 b5 14. Bxf7+ Kh8 15. Be6 h6 16. Nf7+ Rxf7 17. Bxf7 b4 18. Ne2 Bxe4 19. Qd2 Ned5 20. Bxh6 Qe7 21. Bxg6 Bxg6 22. Qg5 Rg8 23. Qxg6 Bxh6+ 24. Qxh6+ Nh7 25. Ng3 Nf4 26. Nf5 Qf7 27. dxe5 Qxf5 28. exd6 Rxg2 29. Re7 Rg6 30. Qxh7# 1-0

[Event "ROM-ch U12"]
[Site "Calimanesti"]
[Date "2018.04.01"]
[Round "7"]
[White "Braescu, David Stefan"]
[Black "Ivascu, Eric Nicolas"]
[Result "1-0"]
[WhiteElo "1001"]
[BlackElo "1006"]
[PlyCount "59"]
[EventDate "2018.03.27"]
[EventType "swiss"]
[EventRounds "9"]
[EventCountry "ROU"]
[SourceTitle "CBM 183 Extra"]
[Source "ChessBase"]
[SourceDate "2018.04.19"]
[SourceVersion "1"]
[SourceVersionDate "2018.04.19"]
[SourceQuality "1"]

1. d4 d5 2. c4 c6 3. Nf3 Bg4 4. g3 Bxf3 5. exf3 e6 6. Nc3 Bb4 7. Bd2 Bxc3 8. Bxc3 Nf6 9. Bg2 h6 10. f4 b5 11. Qe2 Qd7 12. f5 bxc4 13. 0-0 a6 14. Rfe1 Ra7 15. Bh3 0-0 16. Qc2 Qe7 17. fxe6 fxe6 18. Bxe6+ Kh8 19. f4 Qd8 20. b3 Nbd7 21. bxc4 dxc4 22. d5 cxd5 23. Bd4 Rb7 24. Rab1 Rxb1 25. Qxb1 Qb8 26. Qc2 Nb6 27. Rb1 Qb7 28. Rxb6 Qc7 29. Rxa6 Re8 30. Kg2 1-0

[Event "ROM-ch U12"]
[Site "Calimanesti"]
[Date "2018.03.31"]
[Round "6"]
[White "Bogdan, Radu Mihai"]
[Black "Braescu, David Stefan"]
[Result "1-0"]
[WhiteElo "1001"]
[BlackElo "1001"]
[PlyCount "59"]
[EventDate "2018.03.27"]
[EventType "swiss"]
[EventRounds "9"]
[EventCountry "ROU"]
[SourceTitle "CBM 183 Extra"]
[Source "ChessBase"]
[SourceDate "2018.04.19"]
[SourceVersion "1"]
[SourceVersionDate "2018.04.19"]
[SourceQuality "1"]

1. d4 b6 2. Bf4 d6 3. e3 Bb7 4. Nf3 Nd7 5. c4 e6 6. Nc3 Ne7 7. Bd3 g6 8. h3 Bg7 9. Nh2 0-0 10. Qg4 f5 11. Qg3 h6 12. Qf3 Bxf3 13. Nxf3 e5 14. dxe5 dxe5 15. Bh2 Nc5 16. Bc2 Ne4 17. Rd1 Qc8 18. 0-0 Rd8 19. Bb3 c5 20. Nd5 Bf8 21. Nxe5 Nxd5 22. cxd5 Bd6 23. Nxg6 Bxh2+ 24. Kxh2 Qc7+ 25. d6+ Kg7 26. dxc7 Rxd1 27. Rxd1 Rd8 28. cxd8Q Kxg6 29. Kg1 Ng5 30. Kf1 1-0

[Event "ROM-ch U10"]
[Site "Calimanesti Caciulata"]
[Date "2016.04.23"]
[Round "7"]
[White "Braescu, David Stefan"]
[Black "Simon, Cristian Eduard"]
[Result "0-1"]
[WhiteElo "1066"]
[BlackElo "1184"]
[PlyCount "42"]
[EventDate "2016.04.18"]
[EventType "swiss"]
[EventRounds "9"]
[EventCountry "ROU"]
[SourceTitle "CBM 172 Extra"]
[Source "ChessBase"]
[SourceDate "2016.06.21"]
[SourceVersion "1"]
[SourceVersionDate "2016.06.21"]
[SourceQuality "1"]

1. g3 d5 2. Bg2 Nf6 3. d3 g6 4. e3 Bg7 5. Ne2 0-0 6. 0-0 Nc6 7. Nd2 Bf5 8. b3 Nd7 9. c3 Nb6 10. Bb2 Bxd3 11. Re1 Bf5 12. h3 Qd7 13. g4 Be6 14. Rb1 Rfd8 15. c4 dxc4 16. Bxg7 Kxg7 17. bxc4 Qxd2 18. Qxd2 Rxd2 19. c5 Nd5 20. Rxb7 Rc8 21. Nf4 Nxf4 0-1